000 00440nam a2200181Ia 4500
001 21196
005 20260306172901.0
008 260306t2023||||xx |||||||||||||| ||spa||
041 _aESP
082 _a344.2
_bG23
100 _aGarcía Cavero, Percy,
_eAUT
245 0 _aDerecho penal de las personas jurídicas
260 _c2023
300 _a814 páginas :
_c25 cm.
650 _aGEN
654 _aCDE
942 _cLIB
_dJUS
_fJUS
_2ddc
_n
999 _c21196
_d21196